000 00636nam a22001937a 4500
005 20230911114451.0
010 _aUR-12223
020 _a9789392496820
_c250.00
035 _aU-10778
037 _bDBAD/PUB
_a-
082 _a841
100 _aقادری ، ریحان احمد
_956176
245 _aشعر و شناخت /
_cریحان احمد قادری
246 _aSher-o-Shanakht /
_bby Rehan Ahmad Qadri
260 _aNew Delhi
_bEducational Publishing House
_c2021 ء
270 _aH.o. D1/16, Ansari Road, Darya Ganj
_bNew Delhi
_e110002
300 _a180 ص
_c22cm(Hb)
942 _2ddc
_cUR
_h841
_mق ا د
999 _c197966
_d197966